000 00742nam a2200253Ia 4500
003 OSt
005 20220928125051.0
006 a|||||r|||| 00| 0
007 ta
008 220927b |||||||| |||| 00| 0 eng d
020 _cINR 650.00
024 _a140679
037 _b207, 28/02/2019, Classic Book Service
_cTextual
040 _aSDCL
_cSDCL
_beng
041 _2eng
_aeng
082 _aO-,2J64,53, Q3 LR
100 _aSmit Emma
_9467884
245 0 _aMacbeth
_b Language and writing
260 _aNew Delhi
_bBloomsbury
_c2013
300 _axvii,174p.
_ccm.
650 _aReference
942 _hO-,2J64,53, Q3 LR
_cTEXL
_2CC
999 _c780784
_d780784